Rural employment and economic development/ (Record no. 34787)

MARC details
000 -LEADER
fixed length control field 01019nam a22002657a 4500
005 - DATE AND TIME OF LATEST TRANSACTION
control field 2010031906226.0
008 - FIXED-LENGTH DATA ELEMENTS--GENERAL INFORMATION
fixed length control field 100319t xxu||||| |||| 00| 0 eng d
010 ## - LCCN (DPL NO)
LC control number ENG-95916
020 ## - INTERNATIONAL STANDARD BOOK NUMBER
International Standard Book Number 9788184840155
Terms of availability 680.00
035 ## - SYSTEM CONTROL NUMBER
System control number EN-79449
037 ## - SOURCE OF ACQUISITION
Source of stock number/acquisition DBAD/PUB
040 ## - CATALOGING SOURCE
Original cataloging agency DPL
082 ## - DEWEY DECIMAL CLASSIFICATION NUMBER
Classification number 307.14120954
100 ## - MAIN ENTRY--PERSONAL NAME
Personal name Dash, Gyanindra
245 ## - TITLE STATEMENT
Title Rural employment and economic development/
Statement of responsibility, etc by Gyanindra Dash and Rajan Kumar Sahoo
260 ## - PUBLICATION, DISTRIBUTION, ETC. (IMPRINT)
Place of publication, distribution, etc New Delhi
Name of publisher, distributor, etc Regal Publications
Date of publication, distribution, etc 2009
270 ## - ADDRESS
Address F-159, Rajouri Garden
City New Delhi
Postal code 110027
300 ## - PHYSICAL DESCRIPTION
Extent xiv, 188p. :
Dimensions 24 cm. (Hb)
500 ## - GENERAL NOTE
General note Includes index
650 ## - SUBJECT ADDED ENTRY--TOPICAL TERM
Topical term or geographic name as entry element Manpower policy, Rural-
Geographic subdivision India
-- Orissa
650 ## - SUBJECT ADDED ENTRY--TOPICAL TERM
Topical term or geographic name as entry element Rural development
General subdivision Government policy
Geographic subdivision India
-- Orissa
700 ## - ADDED ENTRY--PERSONAL NAME
Personal name Sahoo, Rajan Kumar
942 ## - ADDED ENTRY ELEMENTS (KOHA)
Source of classification or shelving scheme Dewey Decimal Classification
Item type English Books
Call number suffix DAS
Classification part 307.14120954
Holdings
Withdrawn status Lost status Source of classification or shelving scheme Materials specified (bound volume or other part) Damaged status Not for loan Collection code Home library Current library Date acquired Source of acquisition Cost, normal purchase price Total Checkouts Full call number Barcode Date last seen Copy number Cost, replacement price Koha item type
    Dewey Decimal Classification Hb   Not For Loan Non-fiction D.B.Act.Division D.B.Act.Division 19/02/2010 DBAD/PUB 680.00   307.14120954 DAS EN-79449 19/03/2010 1 680.00 English Books

© Delhi Public Library
Hit Counter
free hit counter